1722 1872 1979 1235 1967 1902 1948 1951 1880 1300 1235 1541 1781 1239 1941 1554 1193 1390 1305 1089 1448 1816 1136 1966 1331 1075 1478 1276 1803 1811 1984 1405 1790 1350 1419 1367 1430 1262 1949 1583 1493 1846 1276 1230 1638 1822 1405 1799 1020 1290 1588 1307 1841 1585 1798 1069 1828 1262 1036 1182 1533 1296 1229 1132 1244 1691 1080 1851 1568 1710 1604 1657 1693 1535 1413 1405 1720 1885 1797 1199 1440 1874 1889 1440 1159 1824 1929 1194 1400 1352 1446 1760 1458 1115 1661 1296 1205 1620 1894 BCNSPRNW ULIB Ver.6.0+V

เปลี่ยนเป็นภาษาไทย

Change to English
 แสดงรายละเอียดบรรณานุกรม
  กลับหน้าหลัก

Brief Record : Get Marc (ISO 2709) : E-mail record : QR code < ปิดหน้าต่าง
LEADER : 00000nam 2200000uu 4500
001    13399111604
003     ULIB
008    110627s||||||||th 000 0 tha d
020    9786167081366
090    นว.^bi111ท 2553
100 0  irgendwann im november
245 00 ทะเลรักลวงใจ/^cirgendwann im november
250    พิมพ์ครั้งที่ 1
260    กรุงเทพฯ :^bสมาร์ทบุ๊ค,^c2553
300    416 หน้า
945    ^p260^l0^i028908
945    ^p260^l0^i028072
995    ทศพร
999 ^a ใช้งานได้ทุกระบบ
รายการนี้ยังไม่มีแท็ก
คุณยังไม่ได้ล็อกอิน คุณสามารถมีกิจกรรมร่วมกับเว็บไซต์ได้ แต่ต้องล็อกอินก่อน ::
  ล็อกอิน

รายการสื่อสารสนเทศ

ลำดับที่ ประเภท เลขเรียก/บาร์โค้ด สถานที่ สถานะ
1. นวนิยาย
นวนิยาย
นว. i111ท 2553 ฉ.1 
  Barcode: 028072
ห้องสมุดวิทยาเขตสวรรค์ประชารักษ์
►นวนิยาย
บนชั้น
  ขอยืม
2. นวนิยาย
นวนิยาย
นว. i111ท 2553 ฉ.2 
  Barcode: 028908
ห้องสมุดวิทยาเขตสวรรค์ประชารักษ์
►นวนิยาย
บนชั้น
  ขอยืม

BibComment


ยังไม่เคยถูกคอมเมนท์

คอมเมนท์ทรัพยากรรายการนี้
  คอมเมนท์: ทะเลรักลวงใจ irge..


 Copyright 2026. Bcnsprnw @Library